La Lutte judiciaire du capital et du travail organisés aux États-Unis (Record no. 88606)
[ view plain ]
| 000 -LEADER | |
|---|---|
| campo de control de longitud fija | 00580nam a2200157 i 4500 |
| 001 - NÚMERO DE CONTROL | |
| campo de control | 88606 |
| 003 - IDENTIFICADOR DE NÚMERO DE CONTROL | |
| campo de control | ES-MaACL |
| 007 - CAMPO FIJO DE DESCRIPCIÓN FÍSICA--INFORMACIÓN GENERAL | |
| campo de control de longitud fija | t| |
| 008 - DATOS DE LONGITUD FIJA--INFORMACIÓN GENERAL | |
| campo de control de longitud fija | 050105s1924 fr ||||1| fre d |
| 100 1# - ENTRADA PRINCIPAL--NOMBRE DE PERSONA | |
| Nombre de persona | Lambert, Edouard. |
| 9 (RLIN) | 69808 |
| 245 13 - MENCIÓN DEL TÍTULO | |
| Título | La Lutte judiciaire du capital et du travail organisés aux États-Unis |
| Resto del título | : le boycottage, le picketing et la grève de sympathie... / |
| Mención de responsabilidad, etc. | par Edouard Lambert [et] Halfred C. Brown. |
| 260 ## - PUBLICACIÓN, DISTRIBUCIÓN, ETC. | |
| Lugar de publicación, distribución, etc. | París : |
| Nombre del editor, distribuidor, etc. | [s.n., |
| Fecha de publicación, distribución, etc. | 1924] ( |
| Fabricante | Noviclere & Fénetrier) |
| 300 ## - DESCRIPCIÓN FÍSICA | |
| Extensión | XIII, 469 p. ; |
| Dimensiones | 23 cm. |
| 700 1# - ENTRADA AGREGADA--NOMBRE PERSONAL | |
| Nombre de persona | Brown, Harold C. |
| 9 (RLIN) | 31994 |
| 852 ## - LOCALIZACIÓN | |
| Ubicación | ES-MaACL |
| Número de control de estantería | B-4436 |
| Estatus retirado | Estado de pérdida | Estado de daño | No para préstamo | Biblioteca de origen | Biblioteca actual | Ubicación en estantería | Fecha de adquisición | Fuente de adquisición | Total de préstamos | Signatura topográfica completa | Código de barras | Visto por última vez | Precio de reemplazo | Tipo de ítem Koha |
|---|---|---|---|---|---|---|---|---|---|---|---|---|---|---|
| Biblioteca del Ateneo de Madrid | Biblioteca del Ateneo de Madrid | Sala Pardo Bazán | 17/01/2008 | B-4436 | 1092554 | 23/02/2023 | 23/02/2023 | Libro impreso |
